000 00647nam a2200241Ia 4500
008 160319s9999 xx 000 0 und d
020 _a971-10-060-1-4
050 _aFIL PE 1128.A2
050 _b.E33 2008
100 _aEdades, Jean G.
245 _aEnglish in a nutshell /
245 _cJean G. Edades.
250 _aRevised Edition
260 _aQuezon City:
260 _bNew Day Pub.,
260 _c2008
300 _a99 pages :
300 _billustrations ;
300 _c18 cm.
650 _aEnglish language -- Pronunciation.
650 _aEnglish language -- Study and teaching.
650 _xEnglish language -- Idioms.
999 _c291773
_d291773